[Event "WJun Girls"]
[Site "Yerevan ARM"]
[Date "2006.10.03"]
[Round "1"]
[White "Martirosyan,L"]
[Black "Harika,D"]
[Result "0-1"]
[WhiteElo "2111"]
[BlackElo "2353"]
[EventDate "2006.10.03"]

1. d4 Nf6 2. Nf3 g6 3. Bg5 Bg7 4. Nbd2 d5 5. e3 O-O 6. Bd3 c5 7. c3 b6 8.
O-O Bb7 9. Ne5 Ne4 10. Nxe4 dxe4 11. Bc4 Nd7 12. Ng4 Kh8 13. dxc5 f6 14.
Bf4 Nxc5 15. h4 h5 16. Nh2 e5 17. Bg3 Nd3 18. Qe2 Rc8 19. Bb3 f5 20. f3 f4
21. Bf2 Nxf2 22. Qxf2 Bf6 23. fxe4 Bxh4 24. Qe2 Bxe4 25. Rad1 Qe7 26. exf4
exf4 27. Rd4 Rce8 28. Ba4 Bf5 29. Qxe7 Rxe7 30. Rdxf4 Bg5 31. R4f3 Rd8 32.
Kh1 Re2 33. R3f2 Rdd2 34. Rxe2 Rxe2 35. Nf3 Bf6 36. Nd4 Bxd4 37. cxd4 Be4
38. Rg1 Rxb2 39. Bb3 Rd2 40. d5 Bxd5 41. Bxd5 Rxd5 42. Rc1 Ra5 43. Rc2 Kg7
44. Kh2 Ra3 45. Rf2 b5 46. Rb2 a6 47. Rf2 0-1

[Event "WJun Girls"]
[Site "Yerevan ARM"]
[Date "2006.10.03"]
[Round "1"]
[White "Hou Yifan"]
[Black "Schoene,Mar"]
[Result "1-0"]
[WhiteElo "2481"]
[BlackElo "2155"]
[EventDate "2006.10.03"]

1. e4 c5 2. Nf3 d6 3. d4 cxd4 4. Nxd4 Nf6 5. Nc3 g6 6. Be3 Bg7 7. f3 O-O 8.
Qd2 Nc6 9. O-O-O Nxd4 10. Bxd4 Be6 11. Kb1 Qc7 12. g4 Rfc8 13. h4 Qa5 14.
a3 Rab8 15. Be2 b5 16. Nd5 Qxd2 17. Rxd2 Bxd5 18. exd5 Rc7 19. g5 Nh5 20.
Rg1 b4 21. a4 Bxd4 22. Rxd4 a5 23. Bd3 f5 24. gxf6 Nxf6 25. f4 Kh8 26. f5
gxf5 27. Bxf5 Rg8 28. Rg5 h6 29. Rxg8+ Kxg8 30. Ka2 Kg7 31. Kb3 Rc5 32. Be6
Ne8 33. Rf4 Nf6 34. Rc4 Kg6 35. Rxc5 dxc5 36. Kc4 Kh5 37. Kb5 Kxh4 38. Kxa5
Kg3 39. Kb6 h5 40. a5 h4 41. a6 h3 42. Bxh3 Nxd5+ 43. Kb7 1-0

[Event "WJun Girls"]
[Site "Yerevan ARM"]
[Date "2006.10.03"]
[Round "1"]
[White "Abrahamyan,T"]
[Black "Butskhrikidze,A"]
[Result "1-0"]
[WhiteElo "2292"]
[BlackElo "2001"]
[EventDate "2006.10.03"]

1. e4 c5 2. Nf3 d6 3. d4 cxd4 4. Nxd4 Nf6 5. Nc3 a6 6. Be3 e5 7. Nb3 Be6 8.
f3 Nbd7 9. g4 b5 10. g5 Nh5 11. Qd2 Nb6 12. Nd5 Bxd5 13. exd5 Nf4 14. Bxf4
exf4 15. O-O-O Qxg5 16. Qa5 Qd8 17. Nd4 Nxd5 18. Bxb5+ axb5 19. Qxb5+ Qd7
20. Qxd5 Rc8 21. Rhe1+ Be7 22. Nf5 Rc5 23. Nxd6+ 1-0

[Event "WJun Girls"]
[Site "Yerevan ARM"]
[Date "2006.10.03"]
[Round "1"]
[White "Hakimifard,G"]
[Black "Gomes,M"]
[Result "0-1"]
[WhiteElo "1962"]
[BlackElo "2264"]
[EventDate "2006.10.03"]

1. e4 c5 2. Nf3 Nc6 3. d4 cxd4 4. Nxd4 Nf6 5. Nc3 e5 6. Ndb5 d6 7. Nd5 Nxd5
8. exd5 Nb8 9. c4 a6 10. Nc3 Be7 11. Bd3 O-O 12. O-O f5 13. f3 Nd7 14. Kh1
Nc5 15. Bc2 a5 16. Be3 b6 17. Qe2 Bd7 18. Qd2 f4 19. Bf2 Rf6 20. b3 Rh6 21.
a3 Qe8 22. Rfe1 Qh5 23. Bg1 Bh4 24. h3 Bxe1 25. Rxe1 Bxh3 26. gxh3 Qxf3+
27. Qg2 Rxh3+ 28. Bh2 Qxg2+ 29. Kxg2 Rxc3 0-1

[Event "WJun Girls"]
[Site "Yerevan ARM"]
[Date "2006.10.03"]
[Round "1"]
[White "Videnova,I"]
[Black "Melia,S"]
[Result "0-1"]
[WhiteElo "2141"]
[BlackElo "2395"]
[EventDate "2006.10.03"]

1. e4 c6 2. d4 d5 3. exd5 cxd5 4. c4 Nf6 5. Nc3 e6 6. Nf3 Bb4 7. cxd5 Nxd5
8. Bd2 Nc6 9. Bd3 O-O 10. O-O Nf6 11. Qe2 b6 12. Ne4 Nd5 13. Rac1 Bxd2 14.
Qxd2 Bb7 15. Neg5 h6 16. Nh3 Qd6 17. Bb1 Rfd8 18. Rfd1 Rac8 19. Qd3 Nf6 20.
a3 Rc7 21. Qe3 Rcd7 22. Bc2 Rc7 23. Ba4 Nd5 24. Qd2 Nce7 25. Rxc7 Qxc7 26.
Rc1 Qd6 27. Ne5 Nf6 28. Qc2 Rc8 29. Qd2 Rxc1+ 30. Qxc1 Qxd4 31. Nc4 Bxg2
32. Kxg2 Qg4+ 33. Kh1 Qxh3 34. Ne3 Ng4 35. Nxg4 Qf3+ 0-1

[Event "WJun Girls"]
[Site "Yerevan ARM"]
[Date "2006.10.03"]
[Round "1"]
[White "Mongontuul,B"]
[Black "Solic,K"]
[Result "1-0"]
[WhiteElo "2383"]
[BlackElo "2129"]
[EventDate "2006.10.03"]

1. e4 c5 2. Nc3 d6 3. f4 e6 4. Nf3 Nf6 5. Be2 Nc6 6. O-O Be7 7. Kh1 Nd4 8.
d3 O-O 9. Be3 Nxe2 10. Qxe2 b6 11. Rad1 Bb7 12. Qe1 Qc7 13. Qg3 Nd7 14. f5
exf5 15. Bh6 Bf6 16. Nb5 Qb8 17. Nxd6 Ne5 18. Nxb7 Nxf3 19. Rxf3 Be5 20.
Bf4 Bxf4 21. Qxf4 Qxb7 22. Qxf5 Rad8 23. Rdf1 Qa6 24. Qg5 h6 25. Qh4 Rd7
26. Rg3 Kh7 27. Qg4 1-0

[Event "WJun Girls"]
[Site "Yerevan ARM"]
[Date "2006.10.03"]
[Round "1"]
[White "Arutyunova,D"]
[Black "Teodorescu,A"]
[Result "1/2-1/2"]
[WhiteElo "2362"]
[BlackElo "2126"]
[EventDate "2006.10.03"]

1. e4 e5 2. Bc4 Nf6 3. Qe2 Nc6 4. Nf3 Bc5 5. c3 O-O 6. Bb3 d5 7. d3 dxe4 8.
dxe4 Qe7 9. Bg5 h6 10. Bh4 Be6 11. Nbd2 Rad8 12. h3 Rd7 13. g4 g5 14. Bg3
Rfd8 15. O-O-O Bxb3 16. Nxb3 Rxd1+ 17. Rxd1 Rxd1+ 18. Kxd1 a6 19. Kc2 Bd6
20. Nbd2 Nd7 21. Nc4 b5 22. Ne3 Qe6 23. b3 Ne7 24. h4 f6 25. Nf5 Nxf5 26.
gxf5 Qf7 27. Nh2 h5 28. hxg5 fxg5 29. Nf3 Qf6 30. Qd2 h4 31. Bh2 g4 32. Ne1
Kg7 33. Ng2 Nc5 34. Qe3 Qh6 35. Bxe5+ Kh7 36. Bxd6 cxd6 37. e5 h3 38. Qxh6+
Kxh6 39. Ne3 Kg5 40. e6 h2 41. e7 h1=Q 42. e8=Q Qe4+ 43. Qxe4 1/2-1/2

[Event "WJun Girls"]
[Site "Yerevan ARM"]
[Date "2006.10.03"]
[Round "1"]
[White "Kadziolka,B"]
[Black "Darbinyan,A"]
[Result "1-0"]
[WhiteElo "2346"]
[BlackElo "2102"]
[EventDate "2006.10.03"]

1. d4 Nf6 2. c4 e6 3. Nf3 Bb4+ 4. Nbd2 c5 5. a3 Bxd2+ 6. Bxd2 b6 7. Bg5 Bb7
8. e3 O-O 9. Be2 d6 10. O-O Nbd7 11. Qc2 Rc8 12. Rad1 Qc7 13. dxc5 dxc5 14.
Nd2 Bc6 15. f3 Qe5 16. Bf4 Qh5 17. Nb1 Rfd8 18. Rd6 Ne8 19. Rd2 e5 20. Bg3
Nc7 21. Rfd1 Qg5 22. Bf2 Nf8 23. Nc3 Nfe6 24. Nd5 Kh8 25. h4 Qh6 26. Ne7
Rxd2 27. Rxd2 Bb7 28. Nxc8 Bxc8 29. Qe4 Qf6 30. Bg3 Qe7 31. Bxe5 f5 32.
Qxf5 Qxh4 33. Bc3 Qe1+ 34. Kh2 Qh4+ 35. Qh3 Qg5 36. f4 Qe7 37. Bd3 Kg8 38.
Qxh7+ Kf8 39. Bg6 1-0

[Event "WJun Girls"]
[Site "Yerevan ARM"]
[Date "2006.10.03"]
[Round "1"]
[White "Marchadour,E"]
[Black "Hoang Thi Bao Tram"]
[Result "0-1"]
[WhiteElo "2091"]
[BlackElo "2345"]
[EventDate "2006.10.03"]

1. e4 c6 2. d4 d5 3. Nc3 g6 4. Be3 Bg7 5. Qd2 Nf6 6. e5 Ne4 7. Nxe4 dxe4 8.
O-O-O Be6 9. Kb1 Nd7 10. f3 exf3 11. Nxf3 h6 12. Bd3 Nb6 13. Qe1 Qc7 14.
Qg3 O-O-O 15. Nd2 Nd5 16. Nb3 Nb4 17. Be4 Kb8 18. Qe1 Nd5 19. Nc5 Bc8 20.
Bxd5 cxd5 21. Rd3 b6 22. Qb4 Ka8 23. Na4 Bf5 24. Rc3 Qb7 25. Ra3 Kb8 26.
Nc3 Rc8 27. Qb5 e6 28. Rb3 Rc4 29. a4 Rhc8 30. a5 R8c6 31. g4 a6 32. Qxc6
Rxc6 33. gxf5 b5 34. f6 Bf8 35. Na4 Qc7 36. Nb6 Rxc2 37. Nd7+ Kb7 38. Nxf8
Qc4 39. Rc3 Rxc3 40. bxc3 Qb3+ 41. Ka1 Qxc3+ 42. Kb1 Qxe3 43. Rd1 Qb3+ 0-1

[Event "WJun Girls"]
[Site "Yerevan ARM"]
[Date "2006.10.03"]
[Round "1"]
[White "Muhren,B"]
[Black "Darbinian,N"]
[Result "1-0"]
[WhiteElo "2336"]
[BlackElo "2079"]
[EventDate "2006.10.03"]

1. e4 c5 2. Nf3 Nc6 3. d4 cxd4 4. Nxd4 g6 5. c4 Bg7 6. Be3 Nf6 7. Nc3 Ng4
8. Qxg4 Nxd4 9. Qd1 Ne6 10. Rc1 Qa5 11. Qd2 b6 12. Bd3 Bb7 13. b3 d6 14. f4
O-O 15. Nd5 Qxd2+ 16. Kxd2 Rfe8 17. b4 Rac8 18. Rhf1 Nf8 19. Nc3 Nd7 20.
Rfe1 Red8 21. g3 Kf8 22. Rc2 Nb8 23. Nb5 Nc6 24. Rb1 Rd7 25. Rcc1 Ba6 26.
h4 Nb8 27. a4 h5 28. a5 bxa5 29. Nxa7 Rcc7 30. bxa5 Rb7 31. Bb6 Bf6 32. Bc2
e5 33. Ba4 exf4 34. Bxd7 Nxd7 35. gxf4 Bxh4 36. Nc6 Nxb6 37. Rxb6 Rxb6 38.
axb6 Bf2 39. Rb1 1-0

[Event "WJun Girls"]
[Site "Yerevan ARM"]
[Date "2006.10.03"]
[Round "1"]
[White "Aketaeva,D"]
[Black "Kalashyan,V"]
[Result "1/2-1/2"]
[WhiteElo "2312"]
[BlackElo "2026"]
[EventDate "2006.10.03"]

1. e4 c5 2. Nf3 d6 3. d4 cxd4 4. Nxd4 Nf6 5. Nc3 a6 6. Be2 e6 7. a4 Be7 8.
O-O O-O 9. Be3 Qc7 10. f4 Nc6 11. Kh1 Re8 12. Nf3 b6 13. Qe1 Bb7 14. Qg3
Nb4 15. Bd3 d5 16. Bd4 g6 17. exd5 Bxd5 18. Nxd5 Nbxd5 19. Ng5 Nh5 20. Qg4
Bf6 21. Be5 Bxe5 22. fxe5 Ne3 23. Qh4 Nxf1 24. Rxf1 Qd8 25. g4 h6 26. gxh5
Qxg5 27. Qxg5 hxg5 28. hxg6 fxg6 29. Rf6 Ra7 30. Kg2 a5 1/2-1/2

[Event "WJun Girls"]
[Site "Yerevan ARM"]
[Date "2006.10.03"]
[Round "1"]
[White "Panella,F"]
[Black "Rudolf,An"]
[Result "0-1"]
[WhiteElo "1990"]
[BlackElo "2265"]
[EventDate "2006.10.03"]

1. e4 e6 2. d3 d5 3. Nd2 c5 4. Ngf3 Nc6 5. g3 g6 6. Bg2 Bg7 7. O-O Nge7 8.
c3 b6 9. Qa4 Qd7 10. Re1 O-O 11. Nh4 d4 12. c4 Nb4 13. Qb3 a5 14. Bf1 g5
15. Ng2 e5 16. h4 g4 17. a3 a4 18. Qd1 Nbc6 19. f4 gxf3 20. Qxf3 f5 21.
exf5 Nxf5 22. Qd5+ Qxd5 23. cxd5 Nce7 24. Nc4 Nxd5 25. g4 Ng3 26. g5 Nxf1
27. Rxf1 Bf5 28. Ne1 Rad8 0-1

[Event "WJun Girls"]
[Site "Yerevan ARM"]
[Date "2006.10.03"]
[Round "1"]
[White "Priya,P"]
[Black "Sachdev,T"]
[Result "0-1"]
[WhiteElo "2128"]
[BlackElo "2383"]
[EventDate "2006.10.03"]

1. e4 c5 2. c3 d5 3. exd5 Qxd5 4. d4 e6 5. Nf3 Nf6 6. Be2 Nc6 7. O-O cxd4
8. cxd4 Be7 9. Nc3 Qd6 10. Nb5 Qd8 11. Ne5 Bd7 12. Bf4 O-O 13. a3 Nd5 14.
Bg3 a6 15. Nc3 Nxc3 16. bxc3 Nxe5 17. Bxe5 Bc6 18. Bd3 g6 19. Qg4 Rc8 20.
c4 Bf6 21. Qf4 Bxe5 22. Qxe5 Qd7 23. Rfd1 Ba4 24. Rd2 Rfd8 25. Be2 Bb3 26.
c5 Qa4 27. Bf3 Bd5 28. Bxd5 Rxd5 29. Qe3 Rcd8 30. h3 e5 31. Rb2 exd4 32.
Qd3 Rxc5 33. Rb4 Qd7 34. Rd1 Rd5 35. a4 a5 36. Rc4 b5 37. axb5 Qxb5 38.
Rcc1 Qd7 39. Ra1 Rc8 40. Ra3 Qe6 41. Rda1 Qb6 42. Ra4 Qb2 43. R4a2 Rc1+ 44.
Rxc1 Qxc1+ 45. Kh2 Qc3 46. Ra3 Qxd3 47. Rxd3 Kf8 48. Kg3 Ke7 49. Kf3 Kd6
50. Ke2 Kc5 51. Ra3 Kb4 52. Ra1 d3+ 53. Kd2 a4 54. Rb1+ Kc4 55. Rc1+ Kb3
56. Rb1+ Ka2 57. Rb7 a3 58. f3 h5 59. g3 g5 60. Rb4 Rf5 61. f4 h4 62. fxg5
hxg3 63. Rg4 Rf3 64. g6 fxg6 65. Rxg6 Kb3 66. Rb6+ Kc4 67. Rb1 g2 68. Rg1
a2 0-1

[Event "WJun Girls"]
[Site "Yerevan ARM"]
[Date "2006.10.03"]
[Round "1"]
[White "Andriasian,S"]
[Black "Prismontaite,R"]
[Result "0-1"]
[WhiteElo "2264"]
[BlackElo "1963"]
[EventDate "2006.10.03"]

1. e4 c5 2. Nf3 Nc6 3. d4 cxd4 4. Nxd4 g6 5. Nc3 Bg7 6. Be3 Nf6 7. Nxc6
bxc6 8. e5 Ng8 9. f4 d6 10. Bc4 Nh6 11. O-O Ng4 12. Bf2 Nxf2 13. Rxf2 O-O
14. Qf3 Qc7 15. Re1 Be6 16. Bxe6 fxe6 17. Qg4 Rf5 18. exd6 exd6 19. Rxe6
Bd4 20. Rxg6+ hxg6 21. Qxg6+ Qg7 22. Qxf5 Re8 23. g3 Bxf2+ 24. Kxf2 Qd4+
25. Kg2 Qd2+ 26. Kh3 Qe1 27. Qg6+ Kh8 28. Qxd6 Re6 29. Qf8+ Kh7 30. Qf7+
Kh8 31. Qf8+ Kh7 32. Qf7+ Kh8 33. Kg4 Re7 34. Qf8+ Kh7 35. Kg5 Rg7+ 36. Kf5
Qd2 37. Qe8 Qxc2+ 38. Ne4 Qd3 39. Qh5+ Kg8 40. Qe8+ Kh7 41. Qxc6 a6 42. a4
Kg8 43. Qe6+ Kh7 44. Ke5 Qe2 45. g4 Qxb2+ 46. Kf5 Qc2 47. g5 Qd3 48. h4 Rd7
49. Qg6+ Kh8 50. Qe8+ Kg7 51. Qe5+ Kf8 52. Qh8+ Ke7 53. Qf6+ Ke8 54. Qc6
Kf8 55. g6 Rd5+ 56. Kg4 Qe2+ 57. Kg3 Rd3+ 0-1

[Event "WJun Girls"]
[Site "Yerevan ARM"]
[Date "2006.10.03"]
[Round "1"]
[White "Kharatyan,A"]
[Black "Pourkashiyan,A"]
[Result "0-1"]
[WhiteElo "2070"]
[BlackElo "2330"]
[EventDate "2006.10.03"]

1. e4 c5 2. Nc3 e6 3. g3 d5 4. d3 Nf6 5. Bg2 Be7 6. e5 Nfd7 7. f4 Nc6 8.
Nf3 a6 9. a4 Rb8 10. O-O b5 11. axb5 axb5 12. g4 O-O 13. Ne2 Qc7 14. Ng3
Bb7 15. Qe2 Nd4 16. Qf2 Rbc8 17. g5 Rfd8 18. Nh5 Nf5 19. Nh4 Qb6 20. Kh1 d4
21. Rg1 Kh8 22. Bd2 Ra8 23. Raf1 c4 24. Nxf5 exf5 25. Ng3 g6 26. h4 Ra2 27.
Bc1 Nc5 28. dxc4 bxc4 29. Rd1 Ne6 30. h5 Bc5 31. hxg6 hxg6 32. Nf1 Kg7 33.
Kh2 Rh8+ 34. Kg3 Be4 35. Bxe4 fxe4 36. Nh2 d3 37. Qg2 Nd4 38. Rge1 Nf5+ 0-1

[Event "WJun Girls"]
[Site "Yerevan ARM"]
[Date "2006.10.04"]
[Round "2"]
[White "Melia,S"]
[Black "Abrahamyan,T"]
[Result "0-1"]
[WhiteElo "2395"]
[BlackElo "2292"]
[EventDate "2006.10.03"]

1. e4 c5 2. Nf3 d6 3. d4 cxd4 4. Nxd4 Nf6 5. Nc3 a6 6. f3 e5 7. Nb3 Be6 8.
Be3 Nbd7 9. Qd2 b5 10. O-O-O Nb6 11. Qf2 Nfd7 12. f4 Qc7 13. Nd5 Bxd5 14.
exd5 Nc4 15. Kb1 Be7 16. Bc1 O-O 17. g4 a5 18. f5 a4 19. Nd2 a3 20. b3 Nb2
21. Re1 Rfc8 22. Ne4 Bh4 23. Ng3 Nf6 24. Bg2 e4 25. g5 Nxd5 26. Bxe4 Nc3+
27. Ka1 Nxe4 28. Rxe4 Nd3 29. Qd2 Nxc1 30. c4 bxc4 31. Rxc1 c3 32. Qe3 Bxg3
33. Rh4 Re8 34. Qd3 c2 35. f6 g6 36. Qd2 Re2 37. Qb4 Rc8 38. Re1 Rd8 0-1

[Event "WJun Girls"]
[Site "Yerevan ARM"]
[Date "2006.10.04"]
[Round "2"]
[White "Hoang Thi Bao Tram"]
[Black "Aghabekian,L"]
[Result "0-1"]
[WhiteElo "2345"]
[BlackElo "2179"]
[EventDate "2006.10.03"]

1. e4 e5 2. Nf3 Nc6 3. Bb5 Nf6 4. O-O Nxe4 5. Re1 Nd6 6. Bxc6 dxc6 7. Nxe5
Be7 8. b3 O-O 9. d4 Nf5 10. Bb2 Bf6 11. Qd3 Nh4 12. Nd2 Bf5 13. Ne4 Bxe5
14. dxe5 Qxd3 15. cxd3 Rad8 16. d4 Rd5 17. f3 Ng6 18. g3 Rfd8 19. Rac1 Nf8
20. Nc5 Bc8 21. b4 Ne6 22. Nb3 f6 23. exf6 gxf6 24. f4 Kf7 25. Re2 Ng7 26.
Rce1 Re8 27. Rxe8 Nxe8 28. Kf2 Nd6 29. Kf3 h5 30. Nc5 Bg4+ 31. Kg2 Bf5 32.
Re2 Bc8 33. Nb3 Nc4 34. Bc3 Nb6 35. Be1 Rd8 36. Bf2 Nd5 37. a3 Be6 38. Nc5
Bc8 39. Re1 Rg8 40. Kf1 b6 41. Nd3 Ba6 42. Ke2 Re8+ 43. Kd2 Bxd3 44. Kxd3
Rxe1 45. Bxe1 Ke6 46. Ke4 f5+ 47. Kd3 b5 48. Bd2 Nf6 49. Be3 Kd5 50. Bf2
Ng4 51. Bg1 a6 52. h3 Nf6 53. Bf2 Ke6 54. Be1 Kd6 55. Ke3 Kd5 56. Kd3 Ne4
57. h4 Nf6 58. Bf2 Ke6 59. Ke2 Kd6 60. d5 Kxd5 61. Kd3 Ne4 62. Be1 c5 63.
bxc5 Nxc5+ 64. Kc3 Ne4+ 65. Kb4 c5+ 0-1

[Event "WJun Girls"]
[Site "Yerevan ARM"]
[Date "2006.10.04"]
[Round "2"]
[White "Pourkashiyan,A"]
[Black "Hou Yifan"]
[Result "0-1"]
[WhiteElo "2330"]
[BlackElo "2481"]
[EventDate "2006.10.03"]

1. e4 c5 2. Nf3 d6 3. d4 cxd4 4. Nxd4 Nf6 5. Nc3 Nc6 6. Be2 g6 7. Be3 Bg7
8. O-O O-O 9. Qd2 Bd7 10. Rad1 Rc8 11. f3 a6 12. Kh1 Qc7 13. g4 Nxd4 14.
Bxd4 Bc6 15. Rg1 b5 16. Bd3 e5 17. Bf2 b4 18. Ne2 d5 19. Ng3 dxe4 20. fxe4
Nxg4 21. Bc5 Rfd8 22. Qe2 Bd7 23. Bxb4 Qb6 24. Be1 Qxb2 25. Nf1 h5 26. h3
Nf6 27. Qf3 Bc6 28. Nd2 Ba4 29. Bh4 Bxc2 30. Bxc2 Rxc2 31. Nf1 Rxd1 32.
Qxd1 Nxe4 33. Qd5 Nf2+ 34. Bxf2 Rxf2 35. Qa8+ Kh7 36. Qxa6 Qc2 37. Qb7 Qe2
0-1

[Event "WJun Girls"]
[Site "Yerevan ARM"]
[Date "2006.10.04"]
[Round "2"]
[White "Kalashyan,V"]
[Black "Perez Rodriguez,Je"]
[Result "0-1"]
[WhiteElo "2026"]
[BlackElo "2250"]
[EventDate "2006.10.03"]

1. e4 e5 2. Nf3 Nc6 3. Bb5 f5 4. d3 fxe4 5. dxe4 Nf6 6. Bg5 d6 7. Nc3 Be7
8. Bxf6 Bxf6 9. Qd5 Bd7 10. O-O-O Qe7 11. Qc4 a6 12. Bxc6 bxc6 13. h4 Qe6
14. Nd2 a5 15. Kb1 O-O 16. Rdg1 Be7 17. f3 Rab8 18. Qxe6+ Bxe6 19. Nb3 Ra8
20. Rd1 a4 21. Nc1 Ra5 22. Nd3 Rb8 23. g4 Rb6 24. g5 d5 25. exd5 cxd5 26.
Rhe1 d4 27. Ne4 Ba3 28. Ka1 Bf8 29. f4 Bg4 30. Rc1 exf4 31. Nxf4 Rab5 32.
Nd3 c5 33. c4 Ra5 34. Nef2 Bf5 35. Re5 Bg6 36. b4 axb3 37. Re2 Rba6 0-1

[Event "WJun Girls"]
[Site "Yerevan ARM"]
[Date "2006.10.04"]
[Round "2"]
[White "Zarkua,E"]
[Black "Hamrakulova,Y"]
[Result "0-1"]
[WhiteElo "1920"]
[BlackElo "2209"]
[EventDate "2006.10.03"]

1. d4 Nf6 2. c4 g6 3. Nc3 Bg7 4. e4 d6 5. Nf3 O-O 6. h3 Nbd7 7. Bg5 e5 8.
d5 h6 9. Be3 Qe7 10. Nd2 c5 11. Be2 Ne8 12. g4 Nb8 13. Rg1 Kh8 14. g5 hxg5
15. Bxg5 f6 16. Bh4 Qf7 17. Bg4 Bxg4 18. Qxg4 Kh7 19. Nf3 Bh6 20. Bg3 Na6
21. a3 Ng7 22. Nb5 Ne8 23. h4 f5 24. Qh3 f4 25. Bh2 Nac7 26. h5 gxh5 27.
Ng5+ Bxg5 28. Rxg5 Ng7 29. Nxd6 Qf6 30. Qg2 Rg8 31. Nb5 Nxb5 32. cxb5 Kh6
33. Rxg7 Qxg7 34. Qf3 Qg2 0-1

[Event "WJun Girls"]
[Site "Yerevan ARM"]
[Date "2006.10.04"]
[Round "2"]
[White "Savurko,A"]
[Black "Oliver,S"]
[Result "1-0"]
[WhiteElo "2168"]
[BlackElo "1918"]
[EventDate "2006.10.03"]

1. d4 Nf6 2. c4 e6 3. Nf3 b6 4. g3 Ba6 5. Nbd2 Bb7 6. Bg2 c5 7. O-O cxd4 8.
Nxd4 Bxg2 9. Kxg2 Qc8 10. e4 Qb7 11. f3 d6 12. Qa4+ Nbd7 13. b3 Rc8 14. Ba3
a6 15. b4 Be7 16. b5 a5 17. Nc6 Nc5 18. Bxc5 dxc5 19. e5 Nh5 20. Ne4 O-O
21. Rad1 f5 22. Nd6 Bxd6 23. exd6 Kf7 24. d7 Rcd8 25. Rd6 Nf6 26. Re1 Kg8
27. Nxd8 Rxd8 28. Qd1 Rxd7 29. Rexe6 Kf7 30. Rxf6+ 1-0

[Event "WJun Girls"]
[Site "Yerevan ARM"]
[Date "2006.10.04"]
[Round "2"]
[White "Hemmatizadeh,N"]
[Black "Andriasian,S"]
[Result "0-1"]
[WhiteElo "1914"]
[BlackElo "2264"]
[EventDate "2006.10.03"]

1. c4 f5 2. Nc3 Nf6 3. g3 g6 4. d4 Bg7 5. Bg2 O-O 6. Nf3 d6 7. O-O c6 8. d5
e5 9. dxe6 Bxe6 10. Qd3 Na6 11. Ng5 Qe7 12. Bf4 Rad8 13. Rad1 Ng4 14. Nxe6
Qxe6 15. b3 Nc5 16. Qd2 Rfe8 17. Rfe1 Qf7 18. Qc2 Qf6 19. Nb1 g5 20. Bd2
Ne4 21. Bxe4 fxe4 22. f3 exf3 23. exf3 Qd4+ 24. Be3 Nxe3 25. Rxd4 Nxc2 26.
Rxe8+ Rxe8 27. Rd1 Bd4+ 28. Kh1 Re1+ 29. Rxe1 Nxe1 0-1

[Event "WJun Girls"]
[Site "Yerevan ARM"]
[Date "2006.10.04"]
[Round "2"]
[White "Harika,D"]
[Black "Dolgova,O"]
[Result "1/2-1/2"]
[WhiteElo "2353"]
[BlackElo "2259"]
[EventDate "2006.10.03"]

1. Nf3 d5 2. d4 c6 3. c4 Nf6 4. Nc3 a6 5. e3 b5 6. c5 Nbd7 7. b4 a5 8. bxa5
Qxa5 9. Bd2 b4 10. Nb1 Ne4 11. a3 Rb8 12. Be2 e5 13. O-O Be7 14. Ra2 Qa7
15. Qb3 Nxd2 16. Nfxd2 bxa3 17. Qxa3 Qxa3 18. Nxa3 exd4 19. exd4 O-O 20.
Nc2 Bf6 21. Bg4 Re8 22. Nf3 Nf8 23. Bxc8 Rexc8 24. g3 Ne6 25. Rd1 g6 26.
Ra4 Rb3 27. Kg2 Ng5 28. Nxg5 Bxg5 29. Nb4 Bf6 30. Rd3 Rb2 31. Rf3 Kg7 32.
Nd3 Rb7 33. Re3 Kf8 34. Ne5 Bxe5 35. Rxe5 Rcc7 36. Re2 Rb3 37. Re3 Rb2 38.
h4 1/2-1/2

[Event "WJun Girls"]
[Site "Yerevan ARM"]
[Date "2006.10.04"]
[Round "2"]
[White "Topel,Z"]
[Black "Kadziolka,B"]
[Result "0-1"]
[WhiteElo "2256"]
[BlackElo "2346"]
[EventDate "2006.10.03"]

1. d4 Nf6 2. c4 c5 3. d5 b5 4. cxb5 a6 5. b6 d6 6. Nc3 g6 7. e4 Bg7 8. Be2
Nbd7 9. h3 O-O 10. Nf3 Nxb6 11. O-O Ne8 12. Bg5 Nc7 13. Qd2 Nb5 14. Nxb5
axb5 15. Bxb5 Ba6 16. Bxa6 Rxa6 17. a3 Qd7 18. Rac1 Rb8 19. Rc2 f6 20. Bh6
Qb5 21. Bxg7 Kxg7 22. Rfc1 Nd7 23. h4 Qa4 24. Re1 Rab6 25. Re2 Rb3 26. Qf4
Qa6 27. Qg4 Qc8 28. h5 Nb6 29. Qf4 Qd7 30. h6+ Kg8 31. e5 dxe5 32. Nxe5 Qd6
33. Nxg6 hxg6 34. Qg4 Kf7 35. Re6 Qxd5 36. Rce2 Re8 37. h7 Nc8 38. Qa4 Rh8
39. R6e4 Rxh7 40. Qa6 Rxb2 0-1

[Event "WJun Girls"]
[Site "Yerevan ARM"]
[Date "2006.10.04"]
[Round "2"]
[White "Teodorescu,A"]
[Black "Purtseladze,M"]
[Result "0-1"]
[WhiteElo "2126"]
[BlackElo "2329"]
[EventDate "2006.10.03"]

1. e4 c6 2. d3 d5 3. Nd2 e5 4. Ngf3 Bd6 5. g3 Nf6 6. Bg2 O-O 7. O-O dxe4 8.
dxe4 b5 9. b3 Bb7 10. Bb2 Re8 11. Qe2 Nbd7 12. Rad1 Qc7 13. Rfe1 a5 14. Nf1
a4 15. Qd3 Bb4 16. c3 Bf8 17. b4 a3 18. Bc1 c5 19. Bh3 Nb6 20. N1d2 Red8
21. Qb1 Na4 22. Re3 Nxe4 23. Rde1 Naxc3 24. Qc2 Nxd2 25. Bxd2 cxb4 26. Bxc3
bxc3 27. Rxc3 Qb6 28. Nxe5 Bd5 29. Rc7 Bd6 30. Rd7 Bxe5 31. Rxe5 Rxd7 32.
Bxd7 Qd6 33. Qf5 Bxa2 34. Bxb5 Be6 35. Qe4 Qd8 36. Bd3 g6 37. Rxe6 a2 0-1

[Event "WJun Girls"]
[Site "Yerevan ARM"]
[Date "2006.10.04"]
[Round "2"]
[White "Buttner,N"]
[Black "Aketaeva,D"]
[Result "0-1"]
[WhiteElo "2068"]
[BlackElo "2312"]
[EventDate "2006.10.03"]

1. e4 e5 2. Nf3 Nc6 3. Bb5 a6 4. Bxc6 dxc6 5. O-O f6 6. d4 exd4 7. Nxd4 c5
8. Nb3 Qxd1 9. Rxd1 Bg4 10. f3 Be6 11. Be3 b6 12. Nc3 Bd6 13. Rd2 O-O-O 14.
Rad1 Ne7 15. Na4 c4 16. Nd4 Bd7 17. Nc3 Kb7 18. Nce2 Rde8 19. Nf4 f5 20.
exf5 Nxf5 21. Nxf5 Bxf5 22. Kf2 c3 23. bxc3 Rxe3 24. Rxd6 Rxc3 25. R6d2 Re8
26. g4 Bc8 27. Nd3 Rf8 28. h3 Be6 29. Ne1 h5 30. Kg3 hxg4 31. hxg4 Bxa2 32.
Rd7 g5 33. Rg7 Rc5 34. Rdd7 Bc4 35. Nd3 Bxd3 36. cxd3 a5 37. d4 Rc3 38.
Rxg5 Rfxf3+ 39. Kg2 Rfd3 40. Kf2 Rd2+ 41. Ke1 Rh2 0-1

[Event "WJun Girls"]
[Site "Yerevan ARM"]
[Date "2006.10.04"]
[Round "2"]
[White "Schoene,Mar"]
[Black "Kharatyan,A"]
[Result "0-1"]
[WhiteElo "2155"]
[BlackElo "2070"]
[EventDate "2006.10.03"]

1. e4 e5 2. Nf3 d6 3. d4 Nd7 4. Nc3 Be7 5. h3 c6 6. a4 b6 7. b3 a6 8. Bb2
Qc7 9. d5 c5 10. Bc4 Bf6 11. O-O g6 12. g3 Ne7 13. Qd3 Bg7 14. Nh4 g5 15.
Ng2 Nf8 16. Ne2 f5 17. Ra2 Nfg6 18. Qd2 h6 19. f4 fxe4 20. fxg5 hxg5 21.
Nc3 Qd7 22. Nxe4 Qxh3 23. Nxd6+ Kd7 24. Ne4 Bb7 25. Raa1 Raf8 26. Rxf8 Qh2+
27. Kf2 Rxf8+ 28. Ke3 g4 29. Kd3 Nxd5 30. c3 Rf3+ 31. Kc2 Qxg2 32. Rd1
Qxd2+ 33. Rxd2 Ke6 34. Ng5+ Kf5 35. Nxf3 Ne3+ 36. Kd3 gxf3 37. Rh2 Nxc4 38.
Kxc4 e4 0-1

[Event "WJun Girls"]
[Site "Yerevan ARM"]
[Date "2006.10.04"]
[Round "2"]
[White "Rudolf,An"]
[Black "Mongontuul,B"]
[Result "0-1"]
[WhiteElo "2265"]
[BlackElo "2383"]
[EventDate "2006.10.03"]

1. e4 c5 2. Nf3 Nc6 3. d4 cxd4 4. Nxd4 g6 5. c4 Bg7 6. Be3 Nf6 7. Nc3 O-O
8. Be2 d6 9. Rc1 Bd7 10. f3 Nxd4 11. Bxd4 Bc6 12. O-O Nd7 13. b4 Bxd4+ 14.
Qxd4 Qb6 15. Qxb6 Nxb6 16. e5 Na4 17. exd6 exd6 18. Rfd1 Rfe8 19. Kf2 Re6
20. Ne4 Bxe4 21. fxe4 h5 22. c5 dxc5 23. Bb5 Nb2 24. Rd2 a6 25. Be2 Na4 26.
Bd1 Nb6 27. bxc5 Rc8 28. Rdc2 Nd7 29. Rc4 Rec6 30. Ke3 Nxc5 31. a4 Kf8 32.
a5 Ke7 33. Rb1 Kd6 34. Bf3 Ke5 35. Rd4 Rd6 36. Rd5+ Rxd5 37. exd5 Rc7 38.
Rb6 Nd7 39. Rb3 Kd6 40. Kd4 Rc5 41. Rxb7 Rxa5 42. h3 Ra4+ 43. Kc3 a5 44.
Ra7 Ne5 45. Ra6+ Kc5 46. d6 Rc4+ 47. Kd2 Nxf3+ 48. gxf3 Kb5 49. Ra7 Rd4+
50. Kc3 Rxd6 51. Rxf7 a4 52. Kb2 Rd2+ 53. Ka3 Rd3+ 54. Ka2 Kc5 55. h4 Kb4
56. Rf4+ Kc5 57. Rf6 Rd6 58. Rf4 Ra6 59. Ka3 Kd5 60. Re4 Rf6 61. Rxa4 Rxf3+
62. Kb2 Rg3 63. Kc2 Rg4 64. Rxg4 hxg4 65. Kd3 Ke5 66. Ke3 Kf5 67. Kf2 Kf4
68. Kg2 g3 69. Kf1 Kg4 0-1